Normal view
MARC view
- Stark, Petter A
Entry Personal Name
001 - CONTROL NUMBER
- control field: 57700
003 - CONTROL NUMBER IDENTIFIER
- control field: NUST
005 - DATE AND TIME OF LATEST TRANSACTION
- control field: 20210628202000.0
008 - FIXED-LENGTH DATA ELEMENTS
- fixed length control field: 210628|| aca||aabn | a|a d
040 ## - CATALOGING SOURCE
- Original cataloging agency: NUST
- Transcribing agency: NUST
100 ## - HEADING--PERSONAL NAME
- Personal name: Stark, Petter A
670 ## - SOURCE DATA FOUND
- Source citation: Work cat.: (NUST): Stark, Petter A, Introduction to numerical methods, 1970
